000
00330nam a2200145Ia 4500
008
150201s2001 xx 000 0 und d
082
_a
617.6
_b
O01B
100
_a
BISHRA,SE
245
_a
TB OF ORTHODONTICS
250
_a
1ST
260
_b
ELSEVIER
_a
PHILADELPHIA
_c
2001
300
_a
1-784
650
_a
DENTISTRY
942
_2
ddc
_c
BK
999
_c
394
_d
394